000 01003nam a2200265Ia 4500
003 OSt
005 20220927104058.0
006 a|||||r|||| 00| 0
007 ta
008 220926b |||||||| |||| 00| 0 eng d
024 _a68794
037 _cReference Collections
040 _aRTL
_cRTL
_beng
041 _2eng
_aeng
082 _a"XM8:327.1.N7, L7.1-L7.2/UN"
100 _aGermidis Dinitri Ed.
_9362845
110 _a"Organisation for Economic Co-operation and Development, Development Contro Studies"
_9362846
245 0 _aTransfer of technology by multinational corporations.
260 _aParis
_bOECD (Organisation for Economic Co-operation and Development)
_c1977
490 _vV1
650 _aMultinational
_9362847
700 _a"Organisation for Economic Co-operation and Development, Development Contro Studies"
_9362848
942 _h"XM8:327.1.N7, L7.1-L7.2/UN"
_cCC
999 _c685463
_d685463